header

Intermediate algebra : (Record no. 265392)

MARC details
000 -LEADER
fixed length control field 01298cam a2200361 a 4500
001 - CONTROL NUMBER
control field 14437615
003 - CONTROL NUMBER IDENTIFIER
control field OSt
005 - DATE AND TIME OF LATEST TRANSACTION
control field 20251201085102.0
008 - FIXED-LENGTH DATA ELEMENTS--GENERAL INFORMATION
fixed length control field 060705s2008 maua 001 0 eng
010 ## - LIBRARY OF CONGRESS CONTROL NUMBER
LC control number 2006044688
020 ## - INTERNATIONAL STANDARD BOOK NUMBER
International Standard Book Number 9780321416162
International Standard Book Number 0321416163
035 ## - SYSTEM CONTROL NUMBER
System control number 14437615
040 ## - CATALOGING SOURCE
Original cataloging agency DLC
Transcribing agency DLC
Modifying agency DLC
050 00 - LIBRARY OF CONGRESS CALL NUMBER
Classification number QA154.3
Item number .B5824 2008
082 00 - DEWEY DECIMAL CLASSIFICATION NUMBER
Classification number 512.9
Edition number 22
100 1# - MAIN ENTRY--PERSONAL NAME
Personal name Bittinger, Marvin L.
245 10 - TITLE STATEMENT
Title Intermediate algebra :
Remainder of title graphs and models /
Statement of responsibility, etc Marvin L. Bittinger, David J. Ellenbogen, Barbara L. Johnson.
250 ## - EDITION STATEMENT
Edition statement 3rd ed.
260 ## - PUBLICATION, DISTRIBUTION, ETC. (IMPRINT)
Place of publication, distribution, etc Boston :
Name of publisher, distributor, etc Pearson Addison Wesley,
Date of publication, distribution, etc c2008.
300 ## - PHYSICAL DESCRIPTION
Extent v. 1 (various pagings) :
Other physical details ill. (some col.) ;
Dimensions 26 cm.
336 ## - CONTENT TYPE
Content type term text
Content type code txt
Source rdacontent
337 ## - MEDIA TYPE
Media type term unmediated
Media type code n
Source rdamedia
338 ## - CARRIER TYPE
Carrier type term volume
Carrier type code nc
Source rdacarrier
500 ## - GENERAL NOTE
General note Includes index.
650 #0 - SUBJECT ADDED ENTRY--TOPICAL TERM
Topical term or geographic name as entry element Algebra.
700 1# - ADDED ENTRY--PERSONAL NAME
Personal name Ellenbogen, David.
Personal name Johnson, Barbara L.
Fuller form of name (Barbara Loreen),
Dates associated with a name 1962-
906 ## - LOCAL DATA ELEMENT F, LDF (RLIN)
a 7
b cbc
c orignew
d 1
e ocip
f 20
g y-gencatlg
942 ## - ADDED ENTRY ELEMENTS (KOHA)
Source of classification or shelving scheme Library of Congress Classification
Koha item type Long Loan Books
Holdings
Withdrawn status Lost status Source of classification or shelving scheme Damaged status Not for loan Collection code Home library Current library Shelving location Date acquired Source of acquisition Total Checkouts Full call number Barcode Date last seen Price effective from Koha item type
    Library of Congress Classification     Non-fiction Rongo University Library Rongo University Library General Stacks 01/12/2025 Books for Africa, Donation   QA154.3 .B5824 2008 20260372 01/12/2025 01/12/2025 Long Loan Books

© 2026 Rongo University
Contact us: librarian | system librarian | Rongo university